[Event "DVM U20 2019"]
[Site "Braunschweig GER"]
[Date "2019.12.28"]
[Round "4"]
[White "Doll, Alexander"]
[Black "Wendler, David"]
[Result "0-1"]
[Termination "normal"]
[Board "7.1"]
[WhiteElo "2127"]
[BlackElo "2204"]
[WhiteClock "00:42:49"]
[BlackClock "00:28:07"]
[WhiteTeam "OSG Baden-Baden"]
[BlackTeam "SK Bebenhausen 1992"]
[PlyCount "108"]
[WhiteFideId "16228294"]
[BlackFideId "12938360"]
[EventCountry "GER"]
[EventRounds "7"]
[EventType "team-swiss"]
[EventDate "2019.12.26"]

1. e4 {[%clk 1:30:57]} c5 {[%clk 1:30:52]} 2. Nf3 {[%clk 1:31:04]} Nc6 {[%clk
1:31:15]} 3. d4 {[%clk 1:31:10]} cxd4 {[%clk 1:31:36]} 4. Nxd4 {[%clk 1:31:37]}
g6 {[%clk 1:31:51]} 5. c4 {[%clk 1:31:42]} Nf6 {[%clk 1:32:10]} 6. Nc3 {[%clk
1:32:03]} d6 {[%clk 1:32:29]} 7. Be2 {[%clk 1:32:28]} Nxd4 {[%clk 1:32:51]} 8.
Qxd4 {[%clk 1:32:55]} Bg7 {[%clk 1:33:11]} 9. Be3 {[%clk 1:33:00]} O-O {[%clk
1:33:28]} 10. Qd2 {[%clk 1:33:23]} Be6 {[%clk 1:33:50]} 11. Rc1 {[%clk
1:33:08]} Qa5 {[%clk 1:34:01]} 12. O-O {[%clk 1:31:00]} Rfc8 {[%clk 1:34:20]}
13. b3 {[%clk 1:30:07]} a6 {[%clk 1:34:43]} 14. Nd5 {[%clk 1:25:19]} Qxd2
{[%clk 1:34:12]} 15. Nxf6+ {[%clk 1:25:41]} Bxf6 {[%clk 1:34:19]} 16. Bxd2
{[%clk 1:26:09]} b5 {[%clk 1:33:42]} 17. cxb5 {[%clk 1:26:06]} axb5 {[%clk
1:33:23]} 18. Rxc8+ {[%clk 1:25:22]} Bxc8 {[%clk 1:32:06]} 19. Rc1 {[%clk
1:24:45]} Bb7 {[%clk 1:26:13]} 20. Bxb5 {[%clk 1:22:35]} Rxa2 {[%clk 1:19:14]}
21. Bh6 {[%clk 1:20:07]} Bb2 {[%clk 1:15:16]} 22. Rc7 {[%clk 1:08:30]} Ra1+
{[%clk 1:14:35]} 23. Bf1 {[%clk 1:05:51]} Ba6 {[%clk 1:13:54]} 24. Bc1 {[%clk
1:06:14]} Bxc1 {[%clk 0:58:22]} 25. Bxa6 {[%clk 1:04:56]} Ba3+ {[%clk 0:53:59]}
26. Bf1 {[%clk 1:05:03]} Bc5 {[%clk 0:54:19]} 27. b4 {[%clk 1:03:24]} Bxb4
{[%clk 0:53:29]} 28. Rxe7 {[%clk 1:03:15]} Bc5 {[%clk 0:53:06]} 29. Rc7 {[%clk
1:00:10]} Rc1 {[%clk 0:52:41]} 30. Rd7 {[%clk 0:53:48]} Rc2 {[%clk 0:52:32]}
31. Kh1 {[%clk 0:49:11]} Rxf2 {[%clk 0:50:51]} 32. Bc4 {[%clk 0:48:35]} Kg7
{[%clk 0:45:41]} 33. g3 {[%clk 0:48:05]} g5 {[%clk 0:45:02]} 34. h4 {[%clk
0:44:56]} g4 {[%clk 0:41:28]} 35. h5 {[%clk 0:43:19]} Rf6 {[%clk 0:31:12]} 36.
Kg2 {[%clk 0:42:10]} Bd4 {[%clk 0:29:41]} 37. Rb7 {[%clk 0:37:17]} Rf3 {[%clk
0:27:42]} 38. Rb3 {[%clk 0:36:12]} Rf2+ {[%clk 0:27:26]} 39. Kh1 {[%clk
0:36:25]} Be5 {[%clk 0:19:34]} 40. Kg1 {[%clk 0:32:34]} Rc2 {[%clk 0:19:48]}
41. Bd3 {[%clk 0:29:22]} Rc1+ {[%clk 0:18:55]} 42. Kf2 {[%clk 0:26:38]} Kh6
{[%clk 0:18:03]} 43. Rb7 {[%clk 0:25:42]} Kxh5 {[%clk 0:06:02]} 44. Rxf7 {[%clk
0:25:33]} Kg6 {[%clk 0:05:20]} 45. Rf8 {[%clk 0:18:43]} Rc3 {[%clk 0:05:26]}
46. Ke3 {[%clk 0:17:23]} h5 {[%clk 0:04:40]} 47. Rf1 {[%clk 0:15:53]} Bxg3
{[%clk 0:29:44]} 48. e5+ {[%clk 0:45:18]} Rxd3+ {[%clk 0:29:41]} 49. Kxd3
{[%clk 0:45:42]} Bxe5 {[%clk 0:29:48]} 50. Ke4 {[%clk 0:45:38]} h4 {[%clk
0:29:38]} 51. Rf8 {[%clk 0:45:45]} h3 {[%clk 0:28:59]} 52. Rg8+ {[%clk
0:46:03]} Kh5 {[%clk 0:27:48]} 53. Kf5 {[%clk 0:43:54]} h2 {[%clk 0:27:48]} 54.
Rg7 {[%clk 0:42:49]} Bxg7 {[%clk 0:28:07]} 0-1

[Event "DVM U20 2019"]
[Site "Braunschweig GER"]
[Date "2019.12.28"]
[Round "4"]
[White "Waffenschmidt, Lars"]
[Black "Wu, Luka"]
[Result "0-1"]
[Termination "normal"]
[Board "7.2"]
[WhiteElo "1885"]
[BlackElo "2073"]
[WhiteClock "00:03:29"]
[BlackClock "00:51:51"]
[WhiteTeam "SK Bebenhausen 1992"]
[BlackTeam "OSG Baden-Baden"]
[PlyCount "102"]
[WhiteFideId "16244656"]
[BlackFideId "12977420"]
[EventCountry "GER"]
[EventRounds "7"]
[EventType "team-swiss"]
[EventDate "2019.12.26"]

1. e4 {[%clk 1:30:53]} e5 {[%clk 1:30:55]} 2. Nf3 {[%clk 1:30:58]} Nc6 {[%clk
1:31:19]} 3. Bc4 {[%clk 1:30:54]} Bc5 {[%clk 1:31:40]} 4. c3 {[%clk 1:30:18]}
Nf6 {[%clk 1:31:54]} 5. d4 {[%clk 1:29:50]} exd4 {[%clk 1:32:16]} 6. cxd4
{[%clk 1:29:19]} Bb4+ {[%clk 1:32:32]} 7. Kf1 {[%clk 1:28:27]} d5 {[%clk
1:32:21]} 8. exd5 {[%clk 1:28:19]} Nxd5 {[%clk 1:32:42]} 9. Nc3 {[%clk
1:28:14]} Be6 {[%clk 1:32:55]} 10. Qd3 {[%clk 1:27:02]} Qd7 {[%clk 1:32:58]}
11. Bb5 {[%clk 1:20:15]} O-O {[%clk 1:30:29]} 12. Be3 {[%clk 1:07:59]} a6
{[%clk 1:26:31]} 13. Ba4 {[%clk 1:03:57]} Nb6 {[%clk 1:25:31]} 14. Bb3 {[%clk
1:03:04]} Bf5 {[%clk 1:25:10]} 15. Qe2 {[%clk 1:00:22]} Rae8 {[%clk 1:23:10]}
16. h3 {[%clk 0:54:31]} Na5 {[%clk 1:22:29]} 17. Bc2 {[%clk 0:53:17]} Nac4
{[%clk 1:22:41]} 18. Bb3 {[%clk 0:48:57]} Na5 {[%clk 1:17:59]} 19. Bc2 {[%clk
0:47:15]} Nbc4 {[%clk 1:14:21]} 20. Re1 {[%clk 0:41:43]} b5 {[%clk 1:07:43]}
21. Kg1 {[%clk 0:34:49]} c5 {[%clk 1:04:54]} 22. Kh2 {[%clk 0:25:04]} Nc6
{[%clk 0:56:12]} 23. d5 {[%clk 0:12:18]} Bxc3 {[%clk 0:54:52]} 24. bxc3 {[%clk
0:12:27]} Qxd5 {[%clk 0:54:49]} 25. Rd1 {[%clk 0:07:10]} Qe6 {[%clk 0:54:34]}
26. Rhe1 {[%clk 0:04:56]} Nxe3 {[%clk 0:50:23]} 27. fxe3 {[%clk 0:05:05]} Bxc2
{[%clk 0:50:27]} 28. Qxc2 {[%clk 0:05:28]} h6 {[%clk 0:50:46]} 29. e4 {[%clk
0:04:46]} Rd8 {[%clk 0:50:02]} 30. Qf2 {[%clk 0:02:18]} Qc4 {[%clk 0:48:53]}
31. Qe3 {[%clk 0:01:39]} Rfe8 {[%clk 0:46:38]} 32. Rxd8 {[%clk 0:01:07]} Rxd8
{[%clk 0:46:57]} 33. Nh4 {[%clk 0:00:35]} Rd3 {[%clk 0:46:32]} 34. Qf4 {[%clk
0:00:48]} Qxc3 {[%clk 0:46:45]} 35. Rf1 {[%clk 0:00:51]} Qe5 {[%clk 0:47:07]}
36. Qxe5 {[%clk 0:00:42]} Nxe5 {[%clk 0:47:32]} 37. Rf2 {[%clk 0:00:45]} c4
{[%clk 0:47:49]} 38. Nf5 {[%clk 0:00:53]} Kf8 {[%clk 0:47:58]} 39. Rb2 {[%clk
0:00:47]} c3 {[%clk 0:48:18]} 40. Rc2 {[%clk 0:00:53]} b4 {[%clk 0:48:22]} 41.
Rc1 {[%clk 0:00:58]} a5 {[%clk 0:48:40]} 42. a3 {[%clk 0:01:00]} b3 {[%clk
0:49:05]} 43. Rb1 {[%clk 0:01:12]} c2 {[%clk 0:49:30]} 44. Rc1 {[%clk 0:01:35]}
g6 {[%clk 0:49:56]} 45. Nxh6 {[%clk 0:01:44]} Rd1 {[%clk 0:50:21]} 46. Rxd1
{[%clk 0:02:02]} cxd1=Q {[%clk 0:50:43]} 47. a4 {[%clk 0:02:22]} b2 {[%clk
0:51:00]} 48. Ng4 {[%clk 0:02:36]} Nxg4+ {[%clk 0:51:14]} 49. hxg4 {[%clk
0:02:56]} b1=Q {[%clk 0:51:38]} 50. e5 {[%clk 0:03:16]} Qxg4 {[%clk 0:51:51]}
51. e6 {[%clk 0:03:29]} Qh4# 0-1

[Event "DVM U20 2019"]
[Site "Braunschweig GER"]
[Date "2019.12.28"]
[Round "4"]
[White "Grimm, Ling Leander"]
[Black "Jurga, Jonas Vincent"]
[Result "1-0"]
[Termination "normal"]
[Board "7.4"]
[WhiteElo "1777"]
[BlackElo "1896"]
[WhiteClock "00:01:01"]
[BlackClock "00:27:48"]
[WhiteTeam "SK Bebenhausen 1992"]
[BlackTeam "OSG Baden-Baden"]
[PlyCount "75"]
[WhiteFideId "12968277"]
[BlackFideId "12968013"]
[EventCountry "GER"]
[EventRounds "7"]
[EventType "team-swiss"]
[EventDate "2019.12.26"]

1. e4 {[%clk 1:30:55]} c5 {[%clk 1:30:55]} 2. d4 {[%clk 1:31:10]} cxd4 {[%clk
1:31:18]} 3. c3 {[%clk 1:31:34]} dxc3 {[%clk 1:31:40]} 4. Nxc3 {[%clk 1:31:56]}
Nc6 {[%clk 1:32:07]} 5. Nf3 {[%clk 1:32:14]} d6 {[%clk 1:32:25]} 6. Bc4 {[%clk
1:32:12]} e6 {[%clk 1:32:43]} 7. O-O {[%clk 1:32:21]} a6 {[%clk 1:31:28]} 8.
Qe2 {[%clk 1:29:30]} Be7 {[%clk 1:28:58]} 9. Rd1 {[%clk 1:26:33]} Bd7 {[%clk
1:26:57]} 10. Bf4 {[%clk 1:19:13]} e5 {[%clk 1:27:04]} 11. Be3 {[%clk 1:13:02]}
Nf6 {[%clk 1:27:06]} 12. a3 {[%clk 0:36:03]} O-O {[%clk 1:25:39]} 13. b4 {[%clk
0:36:10]} b5 {[%clk 1:24:42]} 14. Bd5 {[%clk 0:34:56]} Rc8 {[%clk 1:24:28]} 15.
Rac1 {[%clk 0:30:54]} Bg4 {[%clk 1:18:49]} 16. h3 {[%clk 0:29:56]} Bxf3 {[%clk
1:11:20]} 17. Qxf3 {[%clk 0:30:05]} Qd7 {[%clk 1:05:57]} 18. g4 {[%clk
0:27:03]} h6 {[%clk 1:02:49]} 19. Qe2 {[%clk 0:25:00]} Nd8 {[%clk 0:59:13]} 20.
f4 {[%clk 0:17:19]} exf4 {[%clk 0:55:26]} 21. Bxf4 {[%clk 0:13:29]} Ne6 {[%clk
0:55:02]} 22. Bg3 {[%clk 0:13:17]} Rfd8 {[%clk 0:49:29]} 23. a4 {[%clk
0:09:47]} bxa4 {[%clk 0:44:08]} 24. Qxa6 {[%clk 0:10:00]} Ng5 {[%clk 0:42:42]}
25. Qf1 {[%clk 0:06:25]} Nxg4 {[%clk 0:34:51]} 26. hxg4 {[%clk 0:05:42]} Qxg4
{[%clk 0:35:20]} 27. Rd3 {[%clk 0:05:49]} Bf6 {[%clk 0:32:34]} 28. Qf5 {[%clk
0:04:15]} Qh5 {[%clk 0:32:33]} 29. Kg2 {[%clk 0:01:45]} Bxc3 {[%clk 0:29:40]}
30. Rdxc3 {[%clk 0:01:45]} Rxc3 {[%clk 0:29:32]} 31. Rxc3 {[%clk 0:02:14]} Qe2+
{[%clk 0:30:01]} 32. Qf2 {[%clk 0:02:05]} Qh5 {[%clk 0:30:23]} 33. Bf4 {[%clk
0:00:48]} Ne6 {[%clk 0:29:47]} 34. Bh2 {[%clk 0:00:37]} Qg5+ {[%clk 0:29:19]}
35. Rg3 {[%clk 0:00:38]} Nf4+ {[%clk 0:29:09]} 36. Kh1 {[%clk 0:00:44]} Qe5
{[%clk 0:28:24]} 37. Rg1 {[%clk 0:00:33]} Nh3 {[%clk 0:27:48]} 38. Qxf7+ {[%clk
0:01:01]} 1-0

[Event "DVM U20 2019"]
[Site "Braunschweig GER"]
[Date "2019.12.28"]
[Round "4"]
[White "Martin, Richard"]
[Black "Ortner, Jonas Ruben"]
[Result "1-0"]
[Termination "normal"]
[Board "7.5"]
[WhiteElo "1930"]
[BlackElo "1718"]
[WhiteClock "00:56:15"]
[BlackClock "00:04:42"]
[WhiteTeam "OSG Baden-Baden"]
[BlackTeam "SK Bebenhausen 1992"]
[PlyCount "77"]
[WhiteFideId "12925691"]
[BlackFideId "16235118"]
[EventCountry "GER"]
[EventRounds "7"]
[EventType "team-swiss"]
[EventDate "2019.12.26"]

1. e4 {[%clk 1:30:58]} c5 {[%clk 1:30:46]} 2. c3 {[%clk 1:31:22]} Nf6 {[%clk
1:31:11]} 3. e5 {[%clk 1:31:47]} Nd5 {[%clk 1:31:36]} 4. d4 {[%clk 1:32:08]}
cxd4 {[%clk 1:32:02]} 5. cxd4 {[%clk 1:32:34]} d6 {[%clk 1:32:26]} 6. Nf3
{[%clk 1:32:44]} e6 {[%clk 1:32:47]} 7. Bc4 {[%clk 1:33:05]} Nc6 {[%clk
1:33:10]} 8. O-O {[%clk 1:33:24]} Be7 {[%clk 1:33:33]} 9. Qe2 {[%clk 1:33:48]}
O-O {[%clk 1:33:48]} 10. Qe4 {[%clk 1:32:33]} Bd7 {[%clk 1:33:25]} 11. Qg4
{[%clk 1:29:05]} f5 {[%clk 1:01:30]} 12. exf6 {[%clk 1:29:26]} Rxf6 {[%clk
1:01:18]} 13. Nc3 {[%clk 1:24:34]} Nxc3 {[%clk 0:55:34]} 14. bxc3 {[%clk
1:22:36]} d5 {[%clk 0:51:25]} 15. Bb3 {[%clk 1:18:23]} Na5 {[%clk 0:48:09]} 16.
Bc2 {[%clk 1:13:47]} Qc7 {[%clk 0:34:00]} 17. Bg5 {[%clk 1:08:08]} Rxf3 {[%clk
0:23:46]} 18. gxf3 {[%clk 1:06:49]} Bxg5 {[%clk 0:23:53]} 19. Qxg5 {[%clk
1:06:27]} Qxc3 {[%clk 0:23:45]} 20. Rac1 {[%clk 1:06:20]} Qxf3 {[%clk 0:21:44]}
21. Qh4 {[%clk 1:04:06]} g6 {[%clk 0:18:26]} 22. Bd1 {[%clk 1:00:47]} Qf7
{[%clk 0:17:15]} 23. Rc7 {[%clk 0:58:21]} Rf8 {[%clk 0:11:47]} 24. Ba4 {[%clk
0:58:06]} Nc6 {[%clk 0:11:01]} 25. Rxb7 {[%clk 0:58:10]} Nb8 {[%clk 0:03:32]}
26. Rfb1 {[%clk 0:56:59]} g5 {[%clk 0:00:42]} 27. Qxg5+ {[%clk 0:51:50]} Kh8
{[%clk 0:01:06]} 28. Qe5+ {[%clk 0:52:18]} Kg8 {[%clk 0:01:29]} 29. Qg3+ {[%clk
0:52:45]} Kh8 {[%clk 0:01:39]} 30. Rxb8 {[%clk 0:53:01]} Bxa4 {[%clk 0:01:38]}
31. Rxf8+ {[%clk 0:53:26]} Qxf8 {[%clk 0:01:59]} 32. Rb8 {[%clk 0:53:52]} Qxb8
{[%clk 0:02:24]} 33. Qxb8+ {[%clk 0:54:20]} Kg7 {[%clk 0:02:45]} 34. Qxa7+
{[%clk 0:54:45]} Kh6 {[%clk 0:03:09]} 35. Qxa4 {[%clk 0:55:12]} e5 {[%clk
0:03:27]} 36. Qc6+ {[%clk 0:55:34]} Kg5 {[%clk 0:03:51]} 37. Qxd5 {[%clk
0:55:57]} h5 {[%clk 0:04:17]} 38. Qxe5+ {[%clk 0:56:21]} Kh4 {[%clk 0:04:42]}
39. Qg3# {[%clk 0:56:15]} 1-0

[Event "DVM U20 2019"]
[Site "Braunschweig GER"]
[Date "2019.12.28"]
[Round "4"]
[White "Melde, Benjamin"]
[Black "Thomsen, Phil"]
[Result "1-0"]
[Termination "normal"]
[Board "8.1"]
[WhiteElo "2120"]
[BlackElo "2147"]
[WhiteClock "00:10:59"]
[BlackClock "00:17:16"]
[WhiteTeam "Schachklub Turm Kleve 1974 e. V."]
[BlackTeam "Sges Bensheim 1931"]
[PlyCount "65"]
[WhiteFideId "12958816"]
[BlackFideId "12955736"]
[EventCountry "GER"]
[EventRounds "7"]
[EventType "team-swiss"]
[EventDate "2019.12.26"]

1. c4 {[%clk 1:30:58]} e5 {[%clk 1:30:52]} 2. g3 {[%clk 1:31:24]} c6 {[%clk
1:31:04]} 3. Nf3 {[%clk 1:31:49]} e4 {[%clk 1:31:21]} 4. Nd4 {[%clk 1:32:17]}
d5 {[%clk 1:31:44]} 5. cxd5 {[%clk 1:32:35]} Qxd5 {[%clk 1:32:01]} 6. e3 {[%clk
1:16:51]} Nf6 {[%clk 1:30:06]} 7. Nc3 {[%clk 1:17:16]} Qe5 {[%clk 1:28:24]} 8.
f4 {[%clk 1:15:46]} exf3 {[%clk 1:26:30]} 9. Nxf3 {[%clk 1:15:42]} Qh5 {[%clk
1:26:25]} 10. Bg2 {[%clk 1:15:44]} Bh3 {[%clk 1:23:54]} 11. O-O {[%clk
1:16:07]} Bxg2 {[%clk 1:23:03]} 12. Kxg2 {[%clk 1:16:35]} Nbd7 {[%clk 1:22:20]}
13. d4 {[%clk 1:16:59]} Bd6 {[%clk 1:14:55]} 14. e4 {[%clk 1:07:46]} Bc7 {[%clk
1:13:06]} 15. Qb3 {[%clk 1:08:05]} Nb6 {[%clk 0:59:55]} 16. a4 {[%clk 1:08:28]}
Rb8 {[%clk 0:50:49]} 17. a5 {[%clk 0:24:44]} Nc8 {[%clk 0:48:02]} 18. e5 {[%clk
0:25:09]} Ng4 {[%clk 0:46:55]} 19. Nh4 {[%clk 0:22:19]} Ne7 {[%clk 0:44:01]}
20. h3 {[%clk 0:22:31]} Nh6 {[%clk 0:42:53]} 21. Bxh6 {[%clk 0:22:55]} gxh6
{[%clk 0:41:37]} 22. Kh2 {[%clk 0:18:18]} O-O {[%clk 0:32:28]} 23. Rf2 {[%clk
0:18:13]} Kh8 {[%clk 0:30:48]} 24. Raf1 {[%clk 0:16:16]} f5 {[%clk 0:27:48]}
25. Ne4 {[%clk 0:16:30]} Ng6 {[%clk 0:23:14]} 26. Nxf5 {[%clk 0:14:50]} Rxf5
{[%clk 0:22:25]} 27. Rxf5 {[%clk 0:15:07]} Qe2+ {[%clk 0:22:50]} 28. R5f2
{[%clk 0:14:37]} Qxe4 {[%clk 0:23:14]} 29. Qf7 {[%clk 0:13:07]} Bxa5 {[%clk
0:19:20]} 30. Qf6+ {[%clk 0:13:32]} Kg8 {[%clk 0:19:43]} 31. Qe6+ {[%clk
0:10:45]} Kh8 {[%clk 0:18:52]} 32. Rf7 {[%clk 0:10:34]} Qe2+ {[%clk 0:17:16]}
33. R1f2 {[%clk 0:10:59]} 1-0

[Event "DVM U20 2019"]
[Site "Braunschweig GER"]
[Date "2019.12.28"]
[Round "4"]
[White "Keller, Yannik"]
[Black "Wiegersma, Justus"]
[Result "1-0"]
[Termination "normal"]
[Board "8.2"]
[WhiteElo "2020"]
[BlackElo "1975"]
[WhiteClock "00:09:56"]
[BlackClock "00:29:17"]
[WhiteTeam "Sges Bensheim 1931"]
[BlackTeam "Schachklub Turm Kleve 1974 e. V."]
[PlyCount "68"]
[WhiteFideId "12970204"]
[BlackFideId "16207866"]
[EventCountry "GER"]
[EventRounds "7"]
[EventType "team-swiss"]
[EventDate "2019.12.26"]

1. e4 {[%clk 1:30:58]} c5 {[%clk 1:30:53]} 2. Nf3 {[%clk 1:31:23]} d6 {[%clk
1:31:17]} 3. d4 {[%clk 1:31:49]} cxd4 {[%clk 1:31:41]} 4. Nxd4 {[%clk 1:32:15]}
Nf6 {[%clk 1:32:03]} 5. Nc3 {[%clk 1:32:41]} g6 {[%clk 1:31:30]} 6. f3 {[%clk
1:32:29]} Bg7 {[%clk 1:31:49]} 7. Be3 {[%clk 1:32:53]} O-O {[%clk 1:32:10]} 8.
Bc4 {[%clk 1:32:51]} Nc6 {[%clk 1:32:30]} 9. Bb3 {[%clk 1:33:15]} Bd7 {[%clk
1:32:52]} 10. h4 {[%clk 1:33:29]} Nxd4 {[%clk 1:32:32]} 11. Bxd4 {[%clk
1:33:50]} b5 {[%clk 1:32:55]} 12. h5 {[%clk 1:33:44]} a5 {[%clk 1:32:50]} 13.
hxg6 {[%clk 1:25:41]} hxg6 {[%clk 1:29:25]} 14. a4 {[%clk 1:25:04]} b4 {[%clk
1:25:43]} 15. Nd5 {[%clk 1:24:40]} Nxd5 {[%clk 1:14:00]} 16. Bxd5 {[%clk
1:20:06]} Rc8 {[%clk 1:12:38]} 17. Qd2 {[%clk 0:55:44]} e5 {[%clk 1:03:13]} 18.
Be3 {[%clk 0:55:46]} Re8 {[%clk 0:57:06]} 19. b3 {[%clk 0:49:28]} Be6 {[%clk
0:47:48]} 20. Bxe6 {[%clk 0:41:18]} Rxe6 {[%clk 0:46:38]} 21. O-O-O {[%clk
0:39:18]} Qc7 {[%clk 0:45:19]} 22. Qf2 {[%clk 0:36:40]} Qc3 {[%clk 0:45:17]}
23. Kb1 {[%clk 0:36:57]} Bf6 {[%clk 0:44:55]} 24. Rd3 {[%clk 0:34:22]} Qc6
{[%clk 0:43:54]} 25. g4 {[%clk 0:32:00]} Re7 {[%clk 0:39:53]} 26. g5 {[%clk
0:25:24]} Bg7 {[%clk 0:40:13]} 27. Rd5 {[%clk 0:24:49]} Qa6 {[%clk 0:39:29]}
28. Rhd1 {[%clk 0:23:29]} Rc6 {[%clk 0:39:51]} 29. Rb5 {[%clk 0:19:21]} Rec7
{[%clk 0:39:29]} 30. Rd2 {[%clk 0:18:22]} Rc8 {[%clk 0:39:01]} 31. Qe2 {[%clk
0:12:22]} R8c7 {[%clk 0:35:59]} 32. Rb8+ {[%clk 0:10:21]} Bf8 {[%clk 0:34:29]}
33. Qxa6 {[%clk 0:10:38]} Rxa6 {[%clk 0:34:53]} 34. Bb6 {[%clk 0:09:56]} Rd7
{[%clk 0:29:17]} 1-0

[Event "DVM U20 2019"]
[Site "Braunschweig GER"]
[Date "2019.12.28"]
[Round "4"]
[White "Verfürth, Kevin"]
[Black "Hennemann, Florian"]
[Result "1/2-1/2"]
[Termination "normal"]
[Board "8.3"]
[WhiteElo "2038"]
[BlackElo "1865"]
[WhiteClock "00:22:19"]
[BlackClock "00:42:05"]
[WhiteTeam "Schachklub Turm Kleve 1974 e. V."]
[BlackTeam "Sges Bensheim 1931"]
[PlyCount "114"]
[WhiteFideId "12954829"]
[BlackFideId "16272692"]
[EventCountry "GER"]
[EventRounds "7"]
[EventType "team-swiss"]
[EventDate "2019.12.26"]

1. c4 {[%clk 1:30:57]} Nf6 {[%clk 1:30:56]} 2. g3 {[%clk 1:31:17]} g6 {[%clk
1:31:21]} 3. Bg2 {[%clk 1:31:43]} Bg7 {[%clk 1:31:47]} 4. Nc3 {[%clk 1:32:08]}
c6 {[%clk 1:32:06]} 5. e4 {[%clk 1:31:23]} d6 {[%clk 1:32:24]} 6. Nge2 {[%clk
1:31:42]} O-O {[%clk 1:32:41]} 7. O-O {[%clk 1:32:05]} e5 {[%clk 1:31:49]} 8.
d4 {[%clk 1:31:29]} Nbd7 {[%clk 1:31:37]} 9. h3 {[%clk 1:30:11]} Qe7 {[%clk
1:30:48]} 10. Be3 {[%clk 1:29:03]} a5 {[%clk 1:29:54]} 11. Kh2 {[%clk 1:28:03]}
Nh5 {[%clk 1:24:26]} 12. g4 {[%clk 1:23:47]} Nhf6 {[%clk 1:22:31]} 13. f4
{[%clk 1:22:48]} exd4 {[%clk 1:21:10]} 14. Bxd4 {[%clk 1:21:15]} Ne8 {[%clk
1:19:45]} 15. Ng3 {[%clk 1:17:35]} Nc5 {[%clk 1:17:58]} 16. Bxg7 {[%clk
1:10:37]} Kxg7 {[%clk 1:16:59]} 17. Qd4+ {[%clk 1:07:47]} Kg8 {[%clk 1:15:58]}
18. f5 {[%clk 1:07:45]} Qe5 {[%clk 1:14:02]} 19. Rad1 {[%clk 0:58:15]} f6
{[%clk 1:10:11]} 20. Qd2 {[%clk 0:55:01]} g5 {[%clk 1:08:16]} 21. Nce2 {[%clk
0:54:12]} Rf7 {[%clk 1:04:20]} 22. Nd4 {[%clk 0:52:20]} Ra7 {[%clk 1:03:05]}
23. Nf3 {[%clk 0:48:24]} Qe7 {[%clk 1:01:42]} 24. Rde1 {[%clk 0:45:08]} b6
{[%clk 1:00:29]} 25. Rh1 {[%clk 0:38:44]} h6 {[%clk 0:56:13]} 26. Nd4 {[%clk
0:35:13]} Rc7 {[%clk 0:53:34]} 27. Bf3 {[%clk 0:33:26]} Nd7 {[%clk 0:52:40]}
28. Kg2 {[%clk 0:31:51]} Ne5 {[%clk 0:49:40]} 29. b3 {[%clk 0:28:59]} Bb7
{[%clk 0:49:06]} 30. h4 {[%clk 0:27:53]} Rd7 {[%clk 0:48:02]} 31. hxg5 {[%clk
0:26:43]} hxg5 {[%clk 0:48:13]} 32. Rh6 {[%clk 0:23:03]} Rh7 {[%clk 0:47:22]}
33. Rxh7 {[%clk 0:22:32]} Kxh7 {[%clk 0:45:30]} 34. Rh1+ {[%clk 0:19:14]} Kg8
{[%clk 0:45:55]} 35. Kf1 {[%clk 0:13:04]} d5 {[%clk 0:33:29]} 36. Qh2 {[%clk
0:13:14]} Qh7 {[%clk 0:33:51]} 37. Qxh7+ {[%clk 0:13:21]} Rxh7 {[%clk 0:34:15]}
38. Rxh7 {[%clk 0:13:46]} Kxh7 {[%clk 0:34:42]} 39. cxd5 {[%clk 0:13:19]} cxd5
{[%clk 0:34:11]} 40. exd5 {[%clk 0:13:31]} Nxf3 {[%clk 0:34:22]} 41. Nxf3
{[%clk 0:13:59]} Bxd5 {[%clk 0:34:46]} 42. Ke2 {[%clk 0:13:33]} Kg8 {[%clk
0:32:01]} 43. Nf1 {[%clk 0:03:51]} a4 {[%clk 0:25:18]} 44. bxa4 {[%clk
0:04:09]} Bc4+ {[%clk 0:25:40]} 45. Kf2 {[%clk 0:04:08]} Bxa2 {[%clk 0:26:05]}
46. N1d2 {[%clk 0:04:20]} Kf7 {[%clk 0:24:46]} 47. Ke3 {[%clk 0:04:22]} Ke7
{[%clk 0:24:15]} 48. Kd4 {[%clk 0:03:33]} Kd6 {[%clk 0:22:31]} 49. Ne4+ {[%clk
0:02:28]} Kc6 {[%clk 0:22:17]} 50. Nc3 {[%clk 0:01:33]} Bb3 {[%clk 0:20:51]}
51. Nd2 {[%clk 0:02:00]} Bc2 {[%clk 0:19:50]} 52. Nde4 {[%clk 0:01:43]} Bb3
{[%clk 0:18:49]} 53. Nd2 {[%clk 0:26:38]} Bc2 {[%clk 0:49:09]} 54. Nc4 {[%clk
0:27:01]} Nc7 {[%clk 0:43:08]} 55. Ne3 {[%clk 0:22:27]} Bb3 {[%clk 0:43:05]}
56. Ne4 {[%clk 0:21:51]} Ne8 {[%clk 0:42:05]} 57. Nc3 {[%clk 0:22:19]} Kd5+
1/2-1/2

[Event "DVM U20 2019"]
[Site "Braunschweig GER"]
[Date "2019.12.28"]
[Round "4"]
[White "Habersetzer, Elyse"]
[Black "Simrock, Manuel"]
[Result "1/2-1/2"]
[Termination "normal"]
[Board "8.5"]
[WhiteElo "1650"]
[BlackElo "1211"]
[WhiteClock "00:26:44"]
[BlackClock "00:27:25"]
[WhiteTeam "Schachklub Turm Kleve 1974 e. V."]
[BlackTeam "Sges Bensheim 1931"]
[PlyCount "41"]
[WhiteFideId "16222288"]
[BlackFideId "16274814"]
[EventCountry "GER"]
[EventRounds "7"]
[EventType "team-swiss"]
[EventDate "2019.12.26"]

1. d4 {[%clk 1:30:59]} d5 {[%clk 1:30:55]} 2. Nf3 {[%clk 1:30:50]} Nf6 {[%clk
1:31:19]} 3. Bg5 {[%clk 1:31:01]} Bf5 {[%clk 1:31:30]} 4. e3 {[%clk 1:31:00]}
e6 {[%clk 1:31:48]} 5. Be2 {[%clk 1:31:03]} c5 {[%clk 1:31:51]} 6. c3 {[%clk
1:30:53]} Nbd7 {[%clk 1:32:02]} 7. O-O {[%clk 1:30:37]} h6 {[%clk 1:32:21]} 8.
Bh4 {[%clk 1:30:11]} Be7 {[%clk 1:30:03]} 9. Nbd2 {[%clk 1:27:04]} O-O {[%clk
1:29:00]} 10. Bg3 {[%clk 1:20:39]} Rc8 {[%clk 1:18:37]} 11. Ne5 {[%clk
1:07:14]} Nxe5 {[%clk 1:12:39]} 12. Bxe5 {[%clk 1:06:20]} Ne4 {[%clk 1:07:25]}
13. Nxe4 {[%clk 0:57:41]} Bxe4 {[%clk 1:07:35]} 14. Bg4 {[%clk 0:57:38]} Bd6
{[%clk 0:56:43]} 15. Bxd6 {[%clk 0:45:40]} Qxd6 {[%clk 0:56:01]} 16. Be2 {[%clk
0:44:06]} Rfd8 {[%clk 0:45:24]} 17. Qa4 {[%clk 0:40:33]} a6 {[%clk 0:44:09]}
18. Rac1 {[%clk 0:33:18]} Qc6 {[%clk 0:30:28]} 19. Qxc6 {[%clk 0:28:31]} Rxc6
{[%clk 0:30:44]} 20. Rfd1 {[%clk 0:28:22]} Rdc8 {[%clk 0:27:25]} 21. Bd3 {[%clk
0:26:44]} 1/2-1/2